La Huella Carmelita en San Ángel / (Registro nro. 41216)
[ vista simple ]
| 000 -LEADER | |
|---|---|
| fixed length control field | 00930nam a22002297a 4500 |
| 005 - DATE AND TIME OF LATEST TRANSACTION | |
| control field | 20150922104803.0 |
| 008 - FIXED-LENGTH DATA ELEMENTS--GENERAL INFORMATION | |
| fixed length control field | 130909t mx ||||| |||| 00| 0 spa d |
| 020 ## - INTERNATIONAL STANDARD BOOK NUMBER | |
| International Standard Book Number | 9789680302505 (Obra completa) |
| 020 ## - INTERNATIONAL STANDARD BOOK NUMBER | |
| International Standard Book Number | 9789680302512 (v.I) |
| 020 ## - INTERNATIONAL STANDARD BOOK NUMBER | |
| International Standard Book Number | 9789680302529 (v.II) |
| 050 04 - LIBRARY OF CONGRESS CALL NUMBER | |
| Classification number | BX3212 .A1 |
| Item number | A28 2007 |
| 100 1# - MAIN ENTRY--PERSONAL NAME | |
| Personal name | Abundis Canales, Jaime. |
| 245 13 - TITLE STATEMENT | |
| Title | La Huella Carmelita en San Ángel / |
| Statement of responsibility, etc | Jaime Antonio Abundis Canales. |
| 250 ## - EDITION STATEMENT | |
| Edition statement | 1a. ed. |
| 260 ## - PUBLICATION, DISTRIBUTION, ETC. (IMPRINT) | |
| Place of publication, distribution, etc | México : |
| Name of publisher, distributor, etc | Instituto Nacional de Antropología e Historia, |
| Date of publication, distribution, etc | 2007 |
| 300 ## - PHYSICAL DESCRIPTION | |
| Extent | 2 v. : |
| Other physical details | facsims., il., maps, ; |
| Dimensions | 26 cm. |
| 504 ## - BIBLIOGRAPHY, ETC. NOTE | |
| Bibliography, etc | Incluye apéndice, bibliografía e índice |
| 650 #7 - SUBJECT ADDED ENTRY--TOPICAL TERM | |
| Source of heading or term | LEMB |
| Topical term or geographic name as entry element | Carmelitas Descalzos |
| General subdivision | Historia |
| Chronological subdivision | Siglos XVI-XIX |
| Geographic subdivision | México |
| 650 #7 - SUBJECT ADDED ENTRY--TOPICAL TERM | |
| Source of heading or term | LEMB |
| Topical term or geographic name as entry element | Carmelitas Descalzos |
| General subdivision | Conventos y monasterios |
| -- | Historia |
| Geographic subdivision | México |
| Chronological subdivision | Siglos XVI-XIX |
| 710 1# - ADDED ENTRY--CORPORATE NAME | |
| Corporate name or jurisdiction name as entry element | México. |
| Subordinate unit | Instituto Nacional de Antropología e Historia (INAH) |
| 942 ## - ADDED ENTRY ELEMENTS (KOHA) | |
| Source of classification or shelving scheme | Biblioteca del Cogreso de los Estados Unidos |
| Koha item type | Libro |
| Estado de pérdida | Fuente de clasificación | Estado del daño | No para préstamo | Ubicación permanente | Ubicación actual | Apartado o colección | Fecha de adquisición | Edición | Dependencia de educación superior (DES) | Área del conocimiento | Clasificación | Código de Barras | Date last seen | Número de copia | Tipo de recurso | Nota pública |
|---|---|---|---|---|---|---|---|---|---|---|---|---|---|---|---|---|
| Biblioteca del Cogreso de los Estados Unidos | Biblioteca del Instituto de Investigaciones Históricas | Biblioteca del Instituto de Investigaciones Históricas | General | 10/09/2013 | 1a. ed. | Humanidades | Educación y Humanidades | BX3212 .A1 A28 2007 V.I | IIH000010349 | 10/09/2013 | C:1 | Libro | GENERAL | |||
| Biblioteca del Cogreso de los Estados Unidos | Biblioteca del Instituto de Investigaciones Históricas | Biblioteca del Instituto de Investigaciones Históricas | General | 10/09/2013 | 1a. ed. | Humanidades | Educación y Humanidades | BX3212 .A1 A28 2007 V.II | IIH000010350 | 10/09/2013 | C:1 | Libro | GENERAL | |||
| Biblioteca del Cogreso de los Estados Unidos | Biblioteca del Instituto de Investigaciones Históricas | Biblioteca del Instituto de Investigaciones Históricas | General | 17/09/2013 | 1a. ed. | Humanidades | Educación y Humanidades | BX3212 .A1 A28 2007 V.I | IIH000010381 | 17/09/2013 | C:2 | Libro | GENERAL | |||
| Biblioteca del Cogreso de los Estados Unidos | Biblioteca del Instituto de Investigaciones Históricas | Biblioteca del Instituto de Investigaciones Históricas | General | 17/09/2013 | 1a. ed. | Humanidades | Educación y Humanidades | BX3212 .A1 A28 2007 V.II | IIH000010382 | 17/09/2013 | C:2 | Libro | GENERAL | |||
| Biblioteca del Cogreso de los Estados Unidos | Biblioteca del Instituto de Investigaciones Históricas | Biblioteca del Instituto de Investigaciones Históricas | General | 02/06/2014 | 1a. ed. | Humanidades | Educación y Humanidades | BX3212 .A1 A28 2007 V.I | IIH000001853 | 02/06/2014 | C:3 | Libro | GENERAL | |||
| Biblioteca del Cogreso de los Estados Unidos | Biblioteca del Instituto de Investigaciones Históricas | Biblioteca del Instituto de Investigaciones Históricas | General | 02/06/2014 | 1a. ed. | Humanidades | Educación y Humanidades | BX3212 .A1 A28 2007 V.II | IIH000001854 | 02/06/2014 | C:3 | Libro | GENERAL |